|
|
|
|
| LEADER |
00000cam a2200000 7i4500 |
| 001 |
0000001971 |
| 002 |
000002144 |
| 005 |
20020919.0 |
| 090 |
0 |
0 |
|a 333.9516
|b PAI
|
| 100 |
1 |
|
|a Piane, Barry
|
| 245 |
1 |
0 |
|a Okavango [
|h video recording] :
|b jewel of the Kalahari
|c Barry Paine ; Christopher Parsons and Tomm Poore
|
| 260 |
|
|
|a London :
|b BBC ,
|c 1993
|
| 300 |
|
|
|a 1 Video recording VHS (115 minutes) :
|b Col.(PAL)
|
| 500 |
|
|
|a Library has 1 copy
|
| 650 |
0 |
0 |
|a Wilderness areas
|z Okavango
|
| 651 |
|
0 |
|a Okavango Delta
|x Wildlife
|
| 999 |
|
|
|a 00063
|b VIDEO
|c KOLEKSI AUDIO VIDEO
|e PERPUSTAKAAN KOMUNITI PETALING JAYA
|